[Event "Summer Prague Open 2020 - A"]
 [Site "Olympik hotel, Sokolovska 138,"]
 [Date "2020.08.15"]
 [Round "9"]
 [White "Pozdnjakov, Viatcheslav"]
 [Black "Plat, Vojtech"]
 [Result "0-1"]
  [WhiteElo "2300"]
 [BlackElo "2566"]
 [Annotator "micha"]
 [PlyCount "104"]
 [EventDate "2020.08.08"]
 [WhiteClock "1:16:34"]
 [BlackClock "0:01:20"]

 1. d4 Nf6 2. Nf3 g6 3. c4 Bg7 4. Nc3 d5 5. Bf4 O-O 6. Rc1 dxc4 7. e4 c5 8. dxc5
 Qa5 9. Nd2 Be6 10. Qa4 Qxc5 11. Bxc4 Bxc4 12. Qxc4 Qxc4 13. Nxc4 Nbd7 14. f3
 Rac8 15. b3 a6 16. Bd2 b5 17. Ne3 e6 18. Ke2 Ne5 19. Nb1 Nc6 20. Bc3 b4 21. Bb2
 Nh5 22. Bxg7 Nf4+ 23. Kf2 Kxg7 24. Rhd1 Ne5 25. Rc2 Nfd3+ 26. Kf1 Rxc2 27. Nxc2
 Rc8 28. Rd2 a5 29. Ne3 Rc1+ 30. Rd1 Rxd1+ 31. Nxd1 Nc1 32. Nb2 Nxa2 33. Nd2 Nc1
 34. f4 Nc6 35. Nbc4 Nd3 36. g3 Nc5 37. Kf2 a4 38. bxa4 Nxa4 39. Nb3 Nc3 40. Ke3
 f6 41. Nca5 Nxa5 42. Nxa5 g5 43. f5 Kf7 44. Kd3 exf5 45. exf5 h5 46. Nc6 Nd5
 47. Nd4 Ke7 48. Kc4 Kd6 49. h4 g4 50. Nb5+ Ke5 51. Nd4 Ke4 52. Kc5 Ne3 0-1

[Event "Summer Prague Open 2020 - A"]
 [Site "Olympik hotel, Sokolovska 138,"]
 [Date "2020.08.15"]
 [Round "9"]
 [White "Christiansen, Johan-Sebastian"]
 [Black "Sprenar, Petr"]
 [Result "1-0"]
  [WhiteElo "2616"]
 [BlackElo "2257"]
 [Annotator "micha"]
 [PlyCount "85"]
 [EventDate "2020.08.08"]
 [WhiteClock "0:32:44"]
 [BlackClock "0:30:09"]

 1. e4 c5 2. Nf3 e6 3. d4 cxd4 4. Nxd4 Nc6 5. Nc3 Qc7 6. Be3 a6 7. Qf3 Ne5 8.
 Qg3 b5 9. O-O-O Nf6 10. a3 Bb7 11. Bxb5 Rc8 12. Ba4 Nc4 13. Qxc7 Rxc7 14. Rhe1
 Ng4 15. Bf4 e5 16. Bg3 Nb6 17. Nde2 h5 18. h4 Nxa4 19. Nxa4 Bxe4 20. Nd4 Bxg2
 21. f3 Kd8 22. fxg4 Rc4 23. Bxe5 Rxa4 24. g5 Kc8 25. Rd3 Rc4 26. Ree3 d6 27.
 Bg3 Kd7 28. b3 Rc5 29. b4 Rc4 30. Nb3 d5 31. Nd2 Rg4 32. Re2 Bh1 33. Re1 Bg2
 34. Rg1 Bh3 35. Rxd5+ Kc6 36. Rd3 a5 37. c3 f5 38. Nf3 Re4 39. Ne5+ Kb5 40.
 Rd5+ Ka4 41. Kc2 axb4 42. axb4 Re2+ 43. Kd3 1-0

[Event "Summer Prague Open 2020 - A"]
 [Site "Olympik hotel, Sokolovska 138,"]
 [Date "2020.08.15"]
 [Round "9"]
 [White "Houska, Jiri"]
 [Black "Hrabusa, Matej"]
 [Result "0-1"]
  [WhiteElo "2202"]
 [BlackElo "2350"]
 [Annotator "micha"]
 [PlyCount "84"]
 [EventDate "2020.08.08"]
 [WhiteClock "0:28:56"]
 [BlackClock "0:29:50"]

 1. d4 Nf6 2. Nf3 e6 3. c4 Bb4+ 4. Bd2 Qe7 5. g3 Bxd2+ 6. Nbxd2 d6 7. Bg2 O-O 8.
 O-O e5 9. e4 Bg4 10. d5 a5 11. h3 Bd7 12. Ne1 Na6 13. Nd3 c6 14. a3 cxd5 15.
 cxd5 a4 16. Qf3 Rfc8 17. Rfc1 Qd8 18. Bf1 h6 19. Qd1 Bb5 20. Nb4 Rxc1 21. Rxc1
 Bxf1 22. Qxf1 Nc5 23. f3 Nh5 24. Qe1 Qg5 25. Nf1 Nf4 26. Rc3 Rf8 27. Kh2 Nh5
 28. Ne3 g6 29. g4 Nf4 30. Ng2 f5 31. exf5 Nxg2 32. Kxg2 gxf5 33. Nd3 fxg4 34.
 hxg4 Nb3 35. Nf2 Nd4 36. Ne4 Qg6 37. Rd3 Kh8 38. Qd2 Nxf3 39. Rxf3 Qxg4+ 40.
 Rg3 Qxe4+ 41. Kg1 Qf4 42. Qg2 Qxg3 0-1

[Event "Summer Prague Open 2020 - A"]
 [Site "Olympik hotel, Sokolovska 138,"]
 [Date "2020.08.15"]
 [Round "9"]
 [White "Miedema, David"]
 [Black "Kasioumis, Vasilios"]
 [Result "1/2-1/2"]
  [WhiteElo "2382"]
 [BlackElo "2257"]
 [Annotator "micha"]
 [PlyCount "135"]
 [EventDate "2020.08.08"]
 [WhiteClock "0:03:41"]
 [BlackClock "0:09:17"]

 1. c4 e6 2. e4 c5 3. Nc3 Nc6 4. Nge2 Nf6 5. g3 d5 6. cxd5 exd5 7. exd5 Nb4 8.
 Bg2 Nd3+ 9. Kf1 Bd7 10. Qb3 Ng4 11. Nd1 Nge5 12. f4 c4 13. Qc2 Qf6 14. Nf2 Qb6
 15. Nd1 Ng4 16. Qxc4 Ngf2 17. Ne3 Rc8 18. Qb3 Qa6 19. d6 Nc5 20. Qa3 Qxa3 21.
 bxa3 Nxh1 22. Bxh1 Bxd6 23. d4 Nd3 24. Bxb7 Rc7 25. Ba6 Nxc1 26. Nxc1 Rc6 27.
 Bd3 O-O 28. Nb3 Re8 29. Kf2 Rc3 30. Rd1 Rec8 31. Nd5 R3c6 32. Nc5 Rxc5 33. dxc5
 Bxc5+ 34. Kf3 h5 35. f5 Bxa3 36. Be4 Bb5 37. Nf4 Rc3+ 38. Kg2 Kf8 39. Rd8+ Ke7
 40. Ra8 Kd6 41. Rxa7 Bc4 42. Nxh5 Ke5 43. Bb1 Bc5 44. Ra5 Kd4 45. Nxg7 Rc1 46.
 f6 Bd5+ 47. Kh3 Rxb1 48. Nf5+ Kc4 49. Ra4+ Kb5 50. Rf4 Bxa2 51. Kg4 Bb4 52. h4
 Be6 53. Kh5 Kc5 54. g4 Kd5 55. Nd4 Bd7 56. Nf3 Bc5 57. Ng5 Bd6 58. Rf2 Rg1 59.
 Rd2+ Kc6 60. Rd4 Be5 61. Rxd7 Kxd7 62. Nf3 Ra1 63. Nxe5+ Ke6 64. Nf3 Kxf6 65.
 g5+ Kf5 66. Nd4+ Ke5 67. Nc6+ Kd5 68. Ne7+ 1/2-1/2

[Event "Summer Prague Open 2020 - A"]
 [Site "Olympik hotel, Sokolovska 138,"]
 [Date "2020.08.15"]
 [Round "9"]
 [White "Buchenau, Frank"]
 [Black "Michalczak, Thomas"]
 [Result "1/2-1/2"]
  [WhiteElo "2318"]
 [BlackElo "2245"]
 [Annotator "micha"]
 [PlyCount "103"]
 [EventDate "2020.08.08"]
 [WhiteClock "0:33:28"]
 [BlackClock "0:08:22"]

 1. e4 c5 2. Nf3 a6 3. c3 d5 4. exd5 Qxd5 5. d4 Nf6 6. Be3 cxd4 7. cxd4 e6 8.
 Nc3 Qd6 9. Bd3 Be7 10. O-O Nc6 11. a3 O-O 12. Rc1 b5 13. Ne4 Nxe4 14. Bxe4 Bb7
 15. Qc2 Rac8 16. Bxh7+ Kh8 17. Qb1 f5 18. Bg6 Rf6 19. Rxc6 Qxc6 20. Rc1 Qd5 21.
 Rxc8+ Bxc8 22. Ne5 Bb7 23. f3 Bd6 24. Qe1 Rxg6 25. Nxg6+ Kh7 26. Ne5 Bxe5 27.
 dxe5 Qxe5 28. Qh4+ Kg8 29. Bd4 Qd5 30. Qf4 Kh7 31. h4 Bc6 32. Bc3 Qd7 33. Qg5
 Bd5 34. h5 Qf7 35. Kh2 Bc4 36. Be5 a5 37. Kg3 b4 38. axb4 axb4 39. Kh4 Bd5 40.
 Qd8 b3 41. Bc3 Bc4 42. Qd4 Qe7+ 43. Kg3 Bd5 44. Kf4 Kh6 45. g4 fxg4 46. fxg4
 Qf7+ 47. Ke3 Qf3+ 48. Kd2 Qg2+ 49. Ke1 Qg3+ 50. Kd2 Qg2+ 51. Ke1 Qg3+ 52. Kd2
 1/2-1/2

[Event "Summer Prague Open 2020 - A"]
 [Site "Olympik hotel, Sokolovska 138,"]
 [Date "2020.08.15"]
 [Round "9"]
 [White "Tirelli, Mauro"]
 [Black "Simek, Petr"]
 [Result "1-0"]
  [WhiteElo "2129"]
 [BlackElo "2324"]
 [PlyCount "119"]
 [EventDate "2020.08.08"]

 1. c4 e5 2. Nc3 Nf6 3. Nf3 Nc6 4. e3 Bb4 5. Qc2 Bxc3 6. Qxc3 Qe7 7. a3 d5 8.
 cxd5 Nxd5 9. Qc2 O-O 10. d3 a5 11. b3 Be6 12. Bb2 f6 13. Be2 Qf7 14. O-O Rfd8
 15. Rac1 Nde7 16. Nd2 Rd7 17. Bc3 b6 18. Qb1 Na7 19. Rfd1 Nb5 20. Bb2 Nd6 21.
 d4 exd4 22. Bxd4 Rad8 23. b4 axb4 24. axb4 Ndf5 25. Nf3 Kh8 26. h3 Bd5 27. e4
 Nxd4 28. Rxd4 Bb7 29. Rxc7 Nc6 30. Rcxd7 Rxd7 31. Bc4 Qe7 32. Rxd7 Qxd7 33. Bd5
 g6 34. Qb2 Kg7 35. Qc3 Qd6 36. g3 Nd8 37. Bxb7 Nxb7 38. Kg2 Nd8 39. e5 Qc6 40.
 exf6+ Qxf6 41. Qe3 Nf7 42. h4 h6 43. Qe4 Qd6 44. h5 gxh5 45. Nh4 Qe5 46. Qg6+
 Kf8 47. Qxb6 Qe4+ 48. Kh2 Kg7 49. Qc5 Kf6 50. Qxh5 Qxb4 51. Qg6+ Ke7 52. Nf5+
 Kf8 53. Nxh6 Nxh6 54. Qxh6+ Ke8 55. Qe3+ Kd7 56. f4 Qb1 57. g4 Qd1 58. Kg3 Kd8
 59. f5 Qd6+ 60. Kh3 1-0

[Event "Summer Prague Open 2020 - A"]
 [Site "Olympik hotel, Sokolovska 138,"]
 [Date "2020.08.15"]
 [Round "9"]
 [White "Mueer, Sebastian"]
 [Black "Malassagne, Raphael"]
 [Result "1/2-1/2"]
  [WhiteElo "2210"]
 [BlackElo "2305"]
 [Annotator "micha"]
 [PlyCount "84"]
 [EventDate "2020.08.08"]
 [WhiteClock "0:27:31"]
 [BlackClock "0:27:25"]

 1. Nf3 d5 2. c4 c6 3. g3 Nf6 4. Bg2 Bf5 5. Qb3 Qb6 6. d3 Qxb3 7. axb3 e6 8. Be3
 a6 9. O-O h6 10. Bd4 Be7 11. Bc3 Nbd7 12. b4 O-O 13. Nbd2 dxc4 14. dxc4 Be4 15.
 Rfd1 Rad8 16. h3 Bh7 17. g4 h5 18. g5 Ne8 19. h4 Nd6 20. c5 Nb5 21. Nc4 Bxc5
 22. bxc5 Nxc3 23. bxc3 Nxc5 24. Nd4 Rfe8 25. Ra5 Nb3 26. Nxb3 Rxd1+ 27. Kh2 Rb1
 28. Nc5 b6 29. Rxa6 bxc5 30. Rxc6 Rc1 31. Nd6 Rb8 32. Rxc5 Bg6 33. Bf3 Rd8 34.
 Rc6 Rc2 35. Kg3 e5 36. e3 Rb8 37. c4 Rb4 38. Rc8+ Kh7 39. Rf8 e4 40. Bg2 Rb6
 41. Nxf7 Bxf7 42. Rxf7 Rxc4 1/2-1/2

[Event "Summer Prague Open 2020 - A"]
 [Site "Olympik hotel, Sokolovska 138,"]
 [Date "2020.08.15"]
 [Round "9"]
 [White "Mukashev, Assan"]
 [Black "Stinka, Jakub"]
 [Result "1/2-1/2"]
  [WhiteElo "2207"]
 [BlackElo "2299"]
 [Annotator "micha"]
 [PlyCount "113"]
 [EventDate "2020.08.08"]
 [WhiteClock "0:02:28"]
 [BlackClock "0:24:23"]

 1. d4 Nf6 2. Nf3 e6 3. c4 Bb4+ 4. Nbd2 O-O 5. g3 d5 6. Qa4 c5 7. a3 Bxd2+ 8.
 Bxd2 cxd4 9. Nxd4 e5 10. Nb5 Nc6 11. Bg2 Be6 12. cxd5 Nxd5 13. O-O a6 14. Nc3
 Nb6 15. Qd1 Nd4 16. Be3 Bb3 17. Qd3 Rc8 18. Qe4 Nc6 19. Bh3 Rb8 20. Bc5 Re8 21.
 Rfd1 Bxd1 22. Rxd1 Nd4 23. Bxd4 exd4 24. Qxd4 Qxd4 25. Rxd4 Red8 26. Rb4 Nd5
 27. Nxd5 Rxd5 28. Bg4 b5 29. Bf3 Rc5 30. Rd4 Rc2 31. Rd6 a5 32. b3 Ra2 33. Bc6
 Rxa3 34. Bxb5 Rxb3 35. Bc4 R3b4 36. Bd5 a4 37. Ra6 Rb1+ 38. Kg2 Ra1 39. Ra7 Rf8
 40. h4 g6 41. g4 h6 42. g5 hxg5 43. hxg5 a3 44. e4 Kg7 45. Bb3 Rc1 46. Ba2 Rc3
 47. Bd5 Kg8 48. Ba2 Rc5 49. Bd5 Rc3 50. Ba2 Kh8 51. Bxf7 Rc2 52. e5 a2 53. e6
 Re2 54. Kf1 Rb2 55. e7 Rxf2+ 56. Kxf2 Rxf7+ 57. Kg3 1/2-1/2

[Event "Summer Prague Open 2020 - A"]
 [Site "Olympik hotel, Sokolovska 138,"]
 [Date "2020.08.15"]
 [Round "9"]
 [White "Iolis, Oleg"]
 [Black "Cap, Adam"]
 [Result "1/2-1/2"]
  [WhiteElo "2177"]
 [BlackElo "2278"]
 [Annotator "micha"]
 [PlyCount "60"]
 [EventDate "2020.08.08"]
 [WhiteClock "0:30:50"]
 [BlackClock "0:11:49"]

 1. e4 e5 2. Nf3 Nc6 3. Bb5 a6 4. Ba4 Nf6 5. O-O b5 6. Bb3 Be7 7. d4 d6 8. c3
 O-O 9. h3 Bb7 10. Nbd2 h6 11. Re1 Re8 12. Nf1 Bf8 13. Ng3 exd4 14. cxd4 Na5 15.
 Bc2 c5 16. b3 g6 17. Bb2 Bg7 18. Rc1 Nd7 19. Ba1 Nc6 20. dxc5 Bxa1 21. Rxa1
 dxc5 22. Qd2 Nde5 23. Qxh6 Nxf3+ 24. gxf3 Nd4 25. Bd1 Re6 26. f4 Nf5 27. Qg5
 Nxg3 28. Qxg3 Bxe4 29. Bg4 Re8 30. f5 Qf6 1/2-1/2

[Event "Summer Prague Open 2020 - A"]
 [Site "Olympik hotel, Sokolovska 138,"]
 [Date "2020.08.15"]
 [Round "9"]
 [White "Mirimanian, Hayk"]
 [Black "Ludvik, Tomas"]
 [Result "1/2-1/2"]
  [WhiteElo "2268"]
 [BlackElo "2202"]
 [PlyCount "119"]
 [EventDate "2020.08.08"]

 1. e4 c5 2. Nc3 Nc6 3. g3 g6 4. d3 Bg7 5. Be3 d6 6. Bg2 Rb8 7. Qd2 b5 8. Nge2
 b4 9. Nd1 Qb6 10. O-O Ba6 11. h3 Nd4 12. Nc1 e6 13. a3 bxa3 14. Rxa3 Ne7 15. c3
 Ndc6 16. b4 Rd8 17. Nb3 Qb5 18. Qa2 Bc8 19. bxc5 Qxd3 20. cxd6 Rxd6 21. Na5
 Nxa5 22. Rxa5 Ra6 23. Bc5 Nc6 24. Rxa6 Qxa6 25. Qb3 Na5 26. Qb4 Nc6 27. Qb3 Na5
 28. Qa3 Nc6 29. Qb2 Qa5 30. Bd6 Ba6 31. Re1 Kd7 32. Qd2 Kc8 33. e5 Nxe5 34. Bb4
 Qb5 35. Nb2 Rd8 36. Qe3 Qb6 37. Qf4 f6 38. Na4 Qb5 39. Nc5 Nd3 40. Nxd3 Rxd3
 41. Bf1 Bb7 42. Bxd3 Qxd3 43. Qe3 Qxe3 44. Rxe3 Kd7 45. f4 Bd5 46. Kf2 Kc6 47.
 Re1 f5 48. Ra1 Kb6 49. Ke3 Bc4 50. Ra5 Bb5 51. Ra3 a6 52. Kd2 e5 53. Ke3 e4 54.
 g4 Kc6 55. Ra1 Bf6 56. gxf5 gxf5 57. Ra2 Bd8 58. Rg2 Bb6+ 59. Kd2 Kd5 60. Rg7
 1/2-1/2

[Event "Summer Prague Open 2020 - A"]
 [Site "Olympik hotel, Sokolovska 138,"]
 [Date "2020.08.15"]
 [Round "9"]
 [White "Haack, Kevin"]
 [Black "Dietz, Florian"]
 [Result "0-1"]
  [WhiteElo "2180"]
 [BlackElo "2262"]
 [PlyCount "138"]
 [EventDate "2020.08.08"]

 1. c4 Nf6 2. g3 g6 3. Bg2 Bg7 4. Nc3 O-O 5. e3 d6 6. Nge2 Nc6 7. O-O e5 8. d3
 Be6 9. Nd5 Rb8 10. Nec3 Ne7 11. Nxf6+ Bxf6 12. Bxb7 Rxb7 13. Qf3 e4 14. Qxf6
 exd3 15. b3 Nc6 16. Qf3 Rb6 17. Bb2 Ne5 18. Qd1 Bh3 19. f4 Nxc4 20. Rf2 Nxb2
 21. Rxb2 Bf5 22. g4 Bc8 23. Nd5 Rb8 24. Qxd3 c6 25. Nc3 Bxg4 26. Rg2 Bc8 27. f5
 Rb7 28. Rf1 d5 29. Qd4 Re8 30. Qf4 Qe7 31. Rf3 Qe5 32. fxg6 hxg6 33. Qd4 Qxd4
 34. exd4 Rbe7 35. Rgf2 Bf5 36. h3 Re3 37. Kh2 Rxf3 38. Rxf3 Re1 39. b4 Be4 40.
 Rf6 Rh1+ 41. Kg3 Bf5 42. Kg2 Rxh3 43. Rxc6 Rd3 44. Nb5 Rd2+ 45. Kg3 Rxa2 46.
 Nc3 Ra3 47. Kf4 Be6 48. Ke5 Rb3 49. Nxd5 Bxd5 50. Kxd5 Rxb4 51. Ra6 g5 52. Rxa7
 g4 53. Ra1 Kg7 54. Ke5 Kg6 55. d5 Kg5 56. Rf1 Rb7 57. d6 g3 58. Kd5 f5 59. Ke5
 f4 60. Ke4 Rb4+ 61. Kf3 Rd4 62. Rc1 Rd3+ 63. Ke4 Rxd6 64. Rc8 g2 65. Rc5+ Kg4
 66. Rc7 Rg6 67. Rc1 Kg3 68. Rc3+ Kh2 69. Rc2 Kh1 0-1

[Event "Summer Prague Open 2020 - A"]
 [Site "Olympik hotel, Sokolovska 138,"]
 [Date "2020.08.15"]
 [Round "9"]
 [White "Pronk, Sven"]
 [Black "Kusa, Jakub"]
 [Result "1-0"]
  [WhiteElo "2062"]
 [BlackElo "2239"]
 [PlyCount "101"]
 [EventDate "2020.08.08"]

 1. d4 d5 2. c4 e6 3. Nc3 Nf6 4. Bg5 Nbd7 5. e3 Be7 6. Nf3 h6 7. Bh4 O-O 8. Rc1
 c6 9. Qc2 b6 10. cxd5 cxd5 11. Bd3 Bb7 12. O-O Rc8 13. Qa4 a6 14. Ne2 b5 15.
 Rxc8 Qxc8 16. Qb3 Bd6 17. Rc1 Qb8 18. a4 b4 19. Bg3 a5 20. Bb5 Nb6 21. Bxd6
 Qxd6 22. Ne5 Rc8 23. Rxc8+ Nxc8 24. Qc2 Nb6 25. Nc1 Nfd7 26. Nxd7 Nxd7 27. Nb3
 Ba6 28. Bxd7 Qxd7 29. Nxa5 Bc4 30. b3 Qc7 31. Nxc4 dxc4 32. bxc4 e5 33. c5 exd4
 34. exd4 Qd7 35. c6 Qxd4 36. g3 Qd8 37. a5 Qxa5 38. c7 Qa1+ 39. Kg2 Qa8+ 40. f3
 Qc8 41. Qc5 Kh7 42. Qe7 Qa6 43. Qe4+ g6 44. Qe8 Qa2+ 45. Kh3 Qc4 46. c8=Q Qf1+
 47. Kh4 g5+ 48. Kh5 Qxf3+ 49. Qg4 Qf6 50. Qge4+ Kg7 51. Q4e5 1-0

[Event "Summer Prague Open 2020 - A"]
 [Site "Olympik hotel, Sokolovska 138,"]
 [Date "2020.08.15"]
 [Round "9"]
 [White "Valenta, Vit"]
 [Black "Skalsky, Alexandr"]
 [Result "1-0"]
  [WhiteElo "2030"]
 [BlackElo "2236"]
 [PlyCount "97"]
 [EventDate "2020.08.08"]

 1. e4 c5 2. Nc3 Nc6 3. g3 g6 4. Bg2 Bg7 5. Nge2 d6 6. O-O Nf6 7. d4 cxd4 8.
 Nxd4 Nxd4 9. Qxd4 O-O 10. Qb4 Rb8 11. Be3 a5 12. Qb6 Nd7 13. Qb5 Nc5 14. Nd5
 Bd7 15. Qb6 Qxb6 16. Nxb6 Bc6 17. c3 Rfe8 18. Bxc5 dxc5 19. e5 Bxe5 20. Bxc6
 bxc6 21. Nd7 Bf6 22. Nxb8 Rxb8 23. Rab1 a4 24. Rfc1 c4 25. a3 Be5 26. Rc2 Bd6
 27. Rd1 Rb5 28. Rd4 Rc5 29. g4 f5 30. h3 Kf7 31. f4 Kf6 32. Kg2 Kf7 33. gxf5
 gxf5 34. Kf3 Kf8 35. Rg2 Kf7 36. h4 Bc7 37. h5 Kf6 38. h6 Bd6 39. Rg7 Rb5 40.
 Rd2 Rb8 41. Rxh7 Rg8 42. Rg7 Rh8 43. Rh2 e5 44. fxe5+ Bxe5 45. Rh5 Rd8 46. Rgg5
 Rd3+ 47. Ke2 Bf4 48. h7 Rd2+ 49. Kf3 1-0

[Event "Summer Prague Open 2020 - A"]
 [Site "Olympik hotel, Sokolovska 138,"]
 [Date "2020.08.15"]
 [Round "9"]
 [White "Gorkiewicz, Mateusz"]
 [Black "Toman, Ondrej"]
 [Result "1/2-1/2"]
  [WhiteElo "1895"]
 [BlackElo "2233"]
 [PlyCount "76"]
 [EventDate "2020.08.08"]

 1. e4 c6 2. d4 d5 3. e5 c5 4. dxc5 e6 5. Be3 Nd7 6. Bb5 Ne7 7. c3 a6 8. Bxd7+
 Bxd7 9. Ne2 Qc7 10. Bd4 Ng6 11. f4 Bxc5 12. O-O O-O 13. Nd2 f6 14. Nb3 Be7 15.
 exf6 Bxf6 16. f5 exf5 17. Bxf6 Rxf6 18. Qxd5+ Be6 19. Qc5 Qxc5+ 20. Nxc5 Bc4
 21. Rf2 b6 22. Nb3 Ne5 23. Ned4 f4 24. Nd2 Bd5 25. Re2 Ng4 26. c4 Bf7 27. Ne4
 Rg6 28. b3 Ne3 29. Nc3 Rd6 30. Nc2 Nxc2 31. Rxc2 Rad8 32. Rf2 g5 33. Ne4 Rd1+
 34. Rxd1 Rxd1+ 35. Rf1 Rxf1+ 36. Kxf1 h6 37. c5 bxc5 38. Nxc5 a5 1/2-1/2

[Event "Summer Prague Open 2020 - A"]
 [Site "Olympik hotel, Sokolovska 138,"]
 [Date "2020.08.15"]
 [Round "9"]
 [White "Pribyl, Viktor"]
 [Black "Wedda, Dries"]
 [Result "0-1"]
  [WhiteElo "2221"]
 [BlackElo "2172"]
 [PlyCount "86"]
 [EventDate "2020.08.08"]

 1. e4 c5 2. Nf3 d6 3. d4 cxd4 4. Nxd4 Nf6 5. Nc3 a6 6. Bg5 Nbd7 7. Qe2 Qa5 8.
 Bd2 h5 9. f4 e5 10. Nb3 Qc7 11. O-O-O Be7 12. Nd5 Nxd5 13. exd5 Bf6 14. Kb1 Kf8
 15. g3 a5 16. a4 Nb6 17. Bxa5 Bg4 18. Qd2 Bxd1 19. Qxd1 Rxa5 20. Nxa5 exf4 21.
 Bb5 g6 22. Nb3 Nc4 23. Bxc4 Qxc4 24. Rf1 Be5 25. gxf4 Bf6 26. a5 Kg7 27. Qd3
 Qxd3 28. cxd3 Re8 29. Rc1 h4 30. Rc7 Re2 31. Rc2 Re3 32. Rc7 h3 33. Rxb7 Re2
 34. d4 Rxh2 35. Rc7 Rg2 36. Rc1 h2 37. a6 Rg1 38. a7 h1=Q 39. a8=Q Rxc1+ 40.
 Nxc1 Qe4+ 41. Ka2 Qxd4 42. Qb7 Qxf4 43. Qc6 Qd2 0-1

[Event "Summer Prague Open 2020 - A"]
 [Site "Olympik hotel, Sokolovska 138,"]
 [Date "2020.08.15"]
 [Round "9"]
 [White "Frank, Adam"]
 [Black "Ret, Adam Josef"]
 [Result "1/2-1/2"]
  [WhiteElo "2219"]
 [BlackElo "2002"]
 [PlyCount "96"]
 [EventDate "2020.08.08"]

 1. e4 c5 2. Nf3 Nc6 3. d4 cxd4 4. Nxd4 Nf6 5. Nc3 d6 6. Bg5 Bd7 7. Qd2 Rc8 8.
 f4 Nxd4 9. Qxd4 Qa5 10. O-O-O Rxc3 11. bxc3 e5 12. Qd3 Ng4 13. Qf3 h6 14. f5
 hxg5 15. Qxg4 g6 16. Rd5 Qxc3 17. Bb5 Qe3+ 18. Kd1 Rh4 19. Qf3 Qxf3+ 20. gxf3
 gxf5 21. exf5 Rf4 22. Ke2 Rxf5 23. h4 gxh4 24. Rxh4 a6 25. Bxd7+ Kxd7 26. Rh8
 Be7 27. Rd1 Rf4 28. Rb1 b5 29. Ra8 Ra4 30. Kd3 Rxa2 31. Rxb5 Rxc2 32. Rb7+ Rc7
 33. Rxc7+ Kxc7 34. Ra7+ Kd8 35. Ke4 Ke8 36. Kd5 Bf8 37. Rxa6 Ke7 38. Rxd6 f6
 39. Ra6 Kf7 40. Ra7+ Kg6 41. Ke6 Bh6 42. Ra1 Be3 43. Re1 Bd4 44. Re2 Kg5 45.
 Re4 f5 46. Rxe5 Bxe5 47. Kxe5 f4 48. Ke4 Kg6 1/2-1/2

[Event "Summer Prague Open 2020 - A"]
 [Site "Olympik hotel, Sokolovska 138,"]
 [Date "2020.08.15"]
 [Round "9"]
 [White "Malassagne, Isabelle"]
 [Black "Schernthaner, David"]
 [Result "1/2-1/2"]
  [WhiteElo "2017"]
 [BlackElo "2215"]
 [PlyCount "57"]
 [EventDate "2020.08.08"]

 1. d4 Nf6 2. c4 g6 3. Nc3 d5 4. Nf3 Bg7 5. h4 dxc4 6. e4 c5 7. d5 b5 8. e5 Ng4
 9. Nxb5 a6 10. Nc3 Nxe5 11. Nxe5 Bxe5 12. Bxc4 Nd7 13. Bh6 Nb6 14. Qe2 Nxc4 15.
 Qxc4 Qb6 16. O-O Qxb2 17. Rac1 Qb4 18. Ne4 Qxc4 19. Rxc4 Bd7 20. Rxc5 Bb5 21.
 Re1 Kd7 22. Ng5 Bd6 23. Rcc1 f6 24. Nf7 Rhc8 25. Nxd6 Rxc1 26. Bxc1 exd6 27.
 Ba3 Re8 28. Rxe8 Kxe8 29. Bxd6 1/2-1/2

[Event "Summer Prague Open 2020 - A"]
 [Site "Olympik hotel, Sokolovska 138,"]
 [Date "2020.08.15"]
 [Round "9"]
 [White "Molkanov, Oleg"]
 [Black "Daeschler, Florian"]
 [Result "1-0"]
  [WhiteElo "2066"]
 [BlackElo "2322"]
 [PlyCount "79"]
 [EventDate "2020.08.08"]

 1. c4 e6 2. d4 d5 3. Nf3 Nf6 4. g3 Be7 5. Bg2 O-O 6. O-O dxc4 7. Ne5 Qd6 8.
 Nxc4 Qa6 9. b3 Rd8 10. Bb2 c5 11. e3 Nc6 12. a4 cxd4 13. exd4 Bd7 14. Nba3 Be8
 15. Nb5 Rac8 16. Qf3 Nd5 17. Rfc1 Ncb4 18. Bf1 Nf6 19. Ne5 Rxc1 20. Rxc1 Qb6
 21. Nc4 Qc6 22. Qd1 Qe4 23. Bg2 Qf5 24. Ne3 Qg6 25. Rc7 Bf8 26. Rxb7 a6 27. Nc7
 Bc6 28. Bxc6 Nxc6 29. Nxa6 Nxd4 30. Rb8 Nf3+ 31. Qxf3 Qb1+ 32. Kg2 Rxb8 33.
 Nxb8 Qxb2 34. Nc4 Qc2 35. a5 h5 36. a6 Bc5 37. Ne5 Bd4 38. Nbc6 Bxe5 39. Nxe5
 Qa2 40. Qb7 1-0

[Event "Summer Prague Open 2020 - A"]
 [Site "Olympik hotel, Sokolovska 138,"]
 [Date "2020.08.15"]
 [Round "9"]
 [White "Biastoch, Bennet"]
 [Black "Fischer, Julie"]
 [Result "1/2-1/2"]
  [WhiteElo "2315"]
 [BlackElo "2063"]
 [PlyCount "55"]
 [EventDate "2020.08.08"]

 1. e4 Nc6 2. Nf3 g6 3. d4 Bg7 4. Bc4 d6 5. Nc3 e5 6. Bg5 f6 7. Be3 Bg4 8. Ne2
 Qe7 9. Bxg8 exd4 10. Nexd4 Nxd4 11. Qxd4 Rxg8 12. O-O-O f5 13. Qd5 O-O-O 14.
 exf5 Bxf5 15. Bg5 Bf6 16. h4 Rge8 17. Rhe1 Qg7 18. Bxf6 Qxf6 19. Qd4 Qxd4 20.
 Nxd4 Bd7 21. f3 Rxe1 22. Rxe1 c5 23. Ne2 Re8 24. Kd2 Bc6 25. Rh1 Kd7 26. Nf4 b5
 27. Rh3 Rf8 28. Ne2 1/2-1/2

[Event "Summer Prague Open 2020 - A"]
 [Site "Olympik hotel, Sokolovska 138,"]
 [Date "2020.08.15"]
 [Round "9"]
 [White "Serrano Salvador, Eduardo"]
 [Black "Fojt, Petr"]
 [Result "1-0"]
  [WhiteElo "2299"]
 [BlackElo "2050"]
 [PlyCount "113"]
 [EventDate "2020.08.08"]

 1. d4 Nf6 2. Nf3 g6 3. c4 Bg7 4. g3 O-O 5. Bg2 d6 6. O-O Nc6 7. Nc3 e5 8. dxe5
 dxe5 9. Bg5 Qxd1 10. Raxd1 Be6 11. b3 h6 12. Be3 Rac8 13. Na4 Rcd8 14. Nc5 Bc8
 15. h3 Rfe8 16. g4 Nd7 17. Nxd7 Rxd7 18. Rxd7 Bxd7 19. Rd1 Bc8 20. Bc5 f5 21.
 Nh4 fxg4 22. Bd5+ Be6 23. hxg4 Bxd5 24. Rxd5 b6 25. Ba3 Nd4 26. e3 g5 27. exd4
 gxh4 28. dxe5 Bxe5 29. Bc1 h3 30. Bxh6 Bd6 31. Be3 Re4 32. Rd4 Re6 33. Bf4 Bc5
 34. Rd2 Re4 35. Bg3 Rxg4 36. Kh2 Rg7 37. Kxh3 Rf7 38. Kg2 Kf8 39. Be5 Ke8 40.
 f4 Bd6 41. Bxd6 cxd6 42. Kf3 Kd7 43. Re2 Rg7 44. f5 Rg1 45. Kf4 Rf1+ 46. Kg5
 Rg1+ 47. Kh6 Rf1 48. Kg6 Rg1+ 49. Kf7 a5 50. f6 Ra1 51. Re7+ Kd8 52. Ke6 Rxa2
 53. Rd7+ Kc8 54. Rh7 Re2+ 55. Kxd6 Re8 56. f7 Rd8+ 57. Kc6 1-0

[Event "Summer Prague Open 2020 - B"]
 [Site "Olympik hotel, Sokolovska 138,"]
 [Date "2020.08.15"]
 [Round "9"]
 [White "Klimek, Petr"]
 [Black "Leitgeb, Julian"]
 [Result "1/2-1/2"]
  [WhiteElo "1833"]
 [BlackElo "1470"]
 [PlyCount "23"]
 [EventDate "2020.08.08"]

 1. e4 c5 2. d4 cxd4 3. c3 Nf6 4. e5 Nd5 5. Nf3 Nc6 6. Bc4 Nb6 7. Bb3 e6 8. cxd4
 d6 9. exd6 Bxd6 10. O-O O-O 11. Nc3 Ne7 12. Bg5 1/2-1/2

[Event "Summer Prague Open 2020 - B"]
 [Site "Olympik hotel, Sokolovska 138,"]
 [Date "2020.08.15"]
 [Round "9"]
 [White "Spanton, Tim R"]
 [Black "Svanda, Adam"]
 [Result "0-1"]
  [WhiteElo "1831"]
 [BlackElo "1852"]
 [PlyCount "114"]
 [EventDate "2020.08.08"]

 1. d4 Nf6 2. Nc3 d6 3. e4 g6 4. Nf3 Bg7 5. Be2 O-O 6. O-O Nbd7 7. e5 Ne8 8. Bf4
 c5 9. dxc5 Nxc5 10. Qd2 Ne6 11. Bg3 dxe5 12. Qxd8 Nxd8 13. Nxe5 Bxe5 14. Bxe5
 Nc6 15. Bf4 Nf6 16. Rad1 Bf5 17. Bd3 Bxd3 18. Rxd3 Rfd8 19. Rfd1 Rxd3 20. Rxd3
 Rd8 21. Rxd8+ Nxd8 22. f3 Nc6 23. Be3 a6 24. a3 Kf8 25. Kf2 Ke8 26. Ke2 Kd7 27.
 Bg5 Ne8 28. Ne4 b6 29. Be3 Kc7 30. Ng5 Nd8 31. Nxh7 Ne6 32. Ng5 Nxg5 33. Bxg5
 Kd6 34. Kd3 b5 35. b3 e6 36. c4 Nc7 37. Kd4 e5+ 38. Ke4 Ne6 39. Be3 f5+ 40. Kd3
 Nf8 41. cxb5 axb5 42. Kc3 Nd7 43. Kb4 Kc6 44. a4 bxa4 45. Kxa4 Nf6 46. b4 e4
 47. b5+ Kb7 48. Kb3 Nd5 49. Bd4 e3 50. Kc2 f4 51. g3 g5 52. gxf4 gxf4 53. Kd3
 Nc7 54. h4 Ne6 55. h5 Nxd4 56. h6 Nxf3 57. h7 Ne5+ 0-1